00894 a2200181 45000010006000000050017000060080041000230030015000640400040000790800052001192450085001710200022002562640033002783000024003115050221003351000029005568560127005852205520260407155509.0260407a2011 arg spa dAR-UNSa-BCEJYS aAR-UNSa-BCEJYSbspacAR-UNSa-BCEJYS a342xDerecho constitucional (Derecho Público)10aLímites a las reformas constitucionalespteoría de las cláusulas pétreas a978-950-508-936-9 1aBuenos Aires :bAstreac2011 axvi, 269 p.c22 cm. a1. Consideraciones generales - 2. Relevancia de la forma - 3. Relevancia del fondo. una visión crítica - 4. Poder constituyente y reforma - 5. Democracia y cláusulas pétreas - 6. La temática en la Argentina1 aColombo Murúa, Ignacio41uhttps://biblioeco.unsa.edu.ar/pmb/images/libros/L?mites a las Reformas Constitucionales.jpgyImagen de portadaqimage/jpeg